000
00264nam a22001217a 4500
008
170609b xxu||||| |||| 00| 0 eng d
041
_a
eng
080
_a
94(7/8)
100
_a
18
101
_a
SHH
245
_a
A BRIGHT SHINING LIE
_c
SHEEHAN,N
942
_2
udc
_c
BK
999
_c
16694
_d
16694